Рассказы о русском лесе: для младшего школьного возраста

Bibliografiske detaljer
Hovedforfatter: Морозов В. И. Владимир Игоревич
Andre forfattere: Бордюг С. И. (иллюстратор)
Sprog:russisk
Udgivet: Москва, Малыш, 1991
Fag:
Format: MixedMaterials Bog
KOHA link:https://koha.lib.tpu.ru/cgi-bin/koha/opac-detail.pl?biblionumber=156304

MARC

LEADER 00000nam0a2200000 4500
001 156304
005 20231031153020.0
010 |a 5213002684 
020 |a RU  |b 91-56396 
035 |a (RuTPU)RU\TPU\book\169543 
090 |a 156304 
100 |a 20090325d1991 c y0rusy5003 ca 
101 0 |a rus 
102 |a RU 
105 |a a z 000ay 
200 1 |a Рассказы о русском лесе  |e для младшего школьного возраста  |f В. И. Морозов  |g худож. С. И. Бордюг 
210 |a Москва  |c Малыш  |d 1991 
215 |a 35,[5] с.  |c цв. ил.  |d 29 см 
610 1 |a Лес 
610 1 |a детская литература 
675 |a Р2  |z rus 
700 1 |a Морозов  |b В. И.  |g Владимир Игоревич  |4 070 
702 1 |a Бордюг  |b С. И.  |4 440 
801 0 |a RU  |b RuMRKP  |c 19950417  |g psbo 
801 1 |a RU  |b 63413507  |c 20090325  |g PSBO 
801 2 |a RU  |b 63413507  |c 20090325  |g PSBO 
942 |c BK